00724nam a2200217Ia 4500003000900000008004100009020001800050040001600068080001500084100002300099245012400122260003600246300001000282650002000292650003100312650003100343650001900374942000700393999001500400952009100415IN-BaIIA211028s9999 xx 000 0 eng d a0-7188-2087-8 cIIA Library a92:52bBUT aButtmann, G910123 4aThe shadow of the telescopeba biography of John HerschelcG. Buttmann  aLondonbLutterworth Pressc1970 a219p. abiography91224 aBiography-J Herschel96178 aJ Herschel Biography96179 aNASA Thesaurus cBK c5846d5846 00104070aBANbBANcGENd1978-06-14l0o92:52/ BUTp6539r2021-11-05w1978-06-14yBK